[Event "Bundesliga 0405"]
[Site "Germany"]
[Date "2005.02.13"]
[Round "11.7"]
[White "Skripchenko, Almira"]
[Black "Thesing, Matthias"]
[Result "1-0"]
[WhiteElo "2474"]
[BlackElo "2420"]
[Annotator "Finkel,A"]
[PlyCount "65"]
[EventDate "2004.11.12"]
[EventType "team-tourn"]
[EventRounds "15"]
[EventCountry "GER"]
[SourceTitle "CBM 106"]
[Source "ChessBase"]
[SourceDate "2005.06.06"]
[SourceVersion "1"]
[SourceVersionDate "2005.06.06"]
[SourceQuality "1"]
[WhiteTeam "Werder Bremen"]
[BlackTeam "Katernberg"]
[WhiteTeamCountry "GER"]
[BlackTeamCountry "GER"]

1. e4 e6 2. d4 d5 3. Nc3 Nc6 4. Nf3 Nf6 5. exd5 $6 {It's hard to believe that
white may fight for advantage with such a straightforward play.} (5. e5) 5...
exd5 6. Bb5 Bb4 (6... Bg4 7. h3 Bxf3 8. Qxf3 Be7 9. Bg5 (9. Be3 O-O 10. a3 Na5
11. b4 c6 12. Bd3 Nc4 $13 {Blauert,J-Biro,S/Budapest 2003}) 9... O-O 10. O-O-O
a6 11. Ba4 Nb4 12. a3 a5 13. Bb3 Nc6 14. Kb1 Ne4 $11 {Przedmojski,R-Rozentalis,
E/Ustron 2003}) 7. O-O O-O 8. Bxc6 bxc6 9. Ne5 Bxc3 10. bxc3 Ne4 11. Qf3 Qd6 {
All this was played before and in none of the games black faced any sort of
troubles. The following game is not an exception.} (11... c5 12. dxc5 Qe8 13.
Nd3 Qa4 14. Bf4 Ba6 15. Rfe1 c6 16. Be5 Rfe8 17. Qg4 $16 {Brustman,
A-Radziewicz,I/Suwalki 1999}) 12. Re1 (12. a4 f6 13. Nd3 Qd7 14. Re1 Qf7 15.
Nc5 Nxc5 16. dxc5 Re8 17. Bf4 Bf5 $11 {King,D-Keitlinghaus,L/Germany 1987/
GER-chT}) (12. Bf4 Qe6 13. Rfe1 f6 14. Nc4 Qd7 15. Na5 Ba6 16. c4 Rfe8 (16...
Ng5 17. Bxg5 fxg5 18. Qe3 dxc4 19. Qe6+ Qxe6 20. Rxe6 Rf6 21. Rae1 $14 {
Gdanski,J-Thesing,M/Antwerp 1992}) 17. c5 Re6 18. Qa3 Rae8 19. f3 Ng5 20. Qc3 {
1/2-1/2 Skrzypnik,M-Heberla,B/Wisla 2000/EXT 2005 (20)}) 12... f6 13. Nc4 Qd7
14. Na5 {[%csl Ra5]} Ba6 15. h3 Rfe8 $11 16. Bf4 Re7 17. c4 Rae8 18. Qb3 (18.
Qa3) 18... g5 $5 {Black spots an opportunity to get some play on the kingside.}
19. Be3 (19. Bg3 Nd2 20. Rxe7 Qxe7 21. Qa4 Qe1+ 22. Rxe1 Rxe1+ 23. Kh2 Nf1+ $11
) 19... dxc4 $5 (19... f5) 20. Nxc4 Bxc4 21. Qxc4+ Qd5 22. Qb4 {[%csl Ge1]
[%cal Gb4e1]} (22. Qa6 f5 23. c4 Qf7 24. Qxa7 (24. Qxc6 f4 25. Bc1 f3 26. Be3
fxg2 27. Kxg2 Rf8 28. Qd5 Re6 $44) 24... f4 25. Bc1 Nxf2 $1 $15 {[%csl Rg1]})
22... Nd6 $5 {[%csl Gc4]} (22... f5 23. c4 Qd7 24. Rad1 f4 25. Bc1 $14) 23. Bd2
Kg7 24. Rxe7+ Rxe7 25. Be3 (25. a4 Nf5) 25... Kg6 26. Rc1 $5 {Elmira is a very
dangerous attacking player, and she finds an interesting chance to complicate
the position just on time.} (26. Qa4 f5 27. Qxa7 f4 28. Bd2 Re2 29. Rd1 Nf5 $36
{[%csl Rd4][%cal Gf5h4]}) 26... Qxa2 27. c4 Qe2 (27... f5) 28. Qb1+ Kg7 29. d5
$1 Nxc4 30. Bc5 Re5 $2 (30... Nd6 31. Bxd6 cxd6 32. dxc6 Rc7 33. Qb8 Qe7 $11) (
30... Re8 31. dxc6 Qb2 32. Qxb2 Nxb2 33. Bxa7 Nd3 $11) 31. Qb8 $40 Nd2 $6 (
31... cxd5 32. Qf8+ Kg6 33. Qg8+ Kf5 34. Qxh7+ Ke6 35. g4 $1 $18 {[%cal Gh7e7]}
) 32. Qf8+ Kg6 33. Qg8+ (33. Qg8+ Kf5 34. Qxh7+ Kf4 35. g3+ Kf3 36. Rc3+) 1-0

[Event "RUS-ch"]
[Site "Krasnodar"]
[Date "2002.08.30"]
[Round "4"]
[White "Inarkiev, Ernesto"]
[Black "Rustemov, Alexander"]
[Result "1/2-1/2"]
[WhiteElo "2545"]
[BlackElo "2589"]
[Annotator "Finkel,A"]
[PlyCount "75"]
[EventDate "2002.08.27"]
[EventType "swiss"]
[EventRounds "9"]
[EventCountry "RUS"]
[SourceTitle "CBM 091"]
[Source "ChessBase"]
[SourceDate "2002.11.12"]
[SourceVersion "1"]
[SourceVersionDate "2002.11.12"]
[SourceQuality "1"]

1. e4 e6 2. d4 d5 3. Nc3 dxe4 4. Nxe4 Bd7 5. Nf3 Bc6 6. Bd3 Nd7 7. Ned2 Ngf6 8.
O-O Be7 9. Re1 O-O 10. Nc4 $5 {The idea behind this move is to bring the
knight to e5.} (10. c3) 10... Bd5 $5 {[%cal Gc7c5] This move seems to be a
novelty. Black plans to transfer c5 as soon as possible.} (10... Bb5 11. a4 (
11. c3 c5 12. Bf4 cxd4 13. Nxd4 Bxc4 14. Bxc4 e5 15. Nf5 $1 Bc5 16. Bg5 $14 {
Gelfand,B-Godena,M/Moscow olm 1994 (30)}) (11. Bg5 c5 12. Qe2 Rc8 13. Rad1 Qc7
14. b3 Ba6 15. Nfe5 cxd4 16. Nxd7 Qxd7 17. Ne5 Bxd3 18. Nxd7 Bxe2 19. Rxe2 Nxd7
$17 {Fette,M-Illner,Germany BL, 1993}) 11... Ba6 12. Bg5 (12. c3 c5 13. Bf4
cxd4 14. Nxd4 Nc5 15. Bf1 $14 {Brodsky,M-Lauridsen,J/Vendrell op 1996 (24)})
12... c5 13. Ne3 cxd4 14. Nxd4 Bxd3 15. Qxd3 Nc5 $11 {Bertona,F-Herman,D/
Buenos Aires 2000}) (10... b6 11. Nce5 Bb7 (11... Nxe5 12. dxe5 (12. Nxe5 Bb7
13. c4 c5 $11 14. dxc5 Bxc5 15. Be3 {1/2-1/2 Aagaard,J-Westerinen,H/
Hafnarfjordur ISL 1999 (15)}) 12... Nd7 13. Nd4 Bb7 14. Qg4 {[%cal Gc1h6]} Re8
15. Bh6 Bf8 16. Bg5 Be7 17. h4 Bxg5 18. hxg5 Nf8 19. Bb5 Re7 20. Nc6 Bxc6 21.
Bxc6 Rb8 22. Rad1 $16 {1-0 Smirin,I-Chernin,A/Moscow 1994/CBM 40 ext (38)}) 12.
Bb5 Nb8 $6 13. Qe2 a6 $6 14. Bd3 Nc6 15. c3 Nxe5 16. dxe5 Nd7 17. Bf4 $16 {
Avrukh,B-Kelecevic,N/Biel 2000}) (10... Bxf3 11. Qxf3 c6 12. c3 a5 (12... Nd5
13. Qg3 Bf6 14. Nd6 b5 15. a4 a6 16. Ne4 Bh4 17. Qh3 g6 18. axb5 cxb5 19. Bh6
$18 {Glek,I-Kaiser,S/Bad Wiessee 1999}) 13. Bg5 Nd5 14. Qh3 g6 15. Bh6 Re8 16.
Qg3 Qb8 17. Qg4 Bf6 18. Rad1 a4 19. a3 b5 20. Nd2 Bg7 21. Bxg7 Kxg7 22. h4 f5
23. Qh3 {1/2-1/2 Iordachescu,V-Ionescu,C/Calimanesti 1999/CBM 70 (23)}) (10...
Nb6 11. Nfe5 (11. Nce5 $142 $14) 11... Be8 12. Na5 $6 Qd5 13. Nb3 Bb5 14. Bg5
Bxd3 $11 {Wahls,M-Chabanon,J/Bad Endbach 1995 (44)}) 11. Nce5 c5 12. c4 Bxf3
13. Nxf3 cxd4 14. Nxd4 Bc5 15. Nf3 (15. Nb3 $6 Bb4 16. Re3 Qc7 17. Bf1 Rad8 $15
) 15... Qb6 16. Qc2 $6 {It was better to put a queen on e2 right away.} (16.
Qe2 $5 h6 17. Rb1 a5 18. b3 Rfd8 19. Bb2 $14) 16... h6 17. Rb1 (17. Bf4 Rfd8)
17... a5 18. b3 Rfd8 19. Bb2 Qd6 20. Rbd1 Qf8 21. Qe2 {Nothing changed} (21.
Be4 $5 Bb4 22. Re2 Nxe4 23. Rxe4 Nc5 24. Red4 a4 $11 {and black is ok.}) 21...
Ba3 22. Ba1 Bb4 23. Rf1 Nc5 24. Bc2 Rxd1 25. Rxd1 Rd8 26. Nd4 (26. Bb2 Na6 27.
Bxf6 Rxd1+ 28. Qxd1 gxf6 $11) 26... Na6 {Bringing a bishop to c5 and the
knight c6.} 27. h3 Bc5 28. Nb5 Rxd1+ 29. Qxd1 Qe7 30. Kf1 (30. a3 $5 Nb8 31.
Qd3 Nc6 32. Bb2 e5 $132) 30... Nb4 31. Bb1 Nc6 32. Bc3 e5 33. Qf3 Bb6 34. Qd3
Bc5 $1 {[%csl Gd6] now the position is absolutely equal.} 35. Qf5 Qd8 36. Qd3
Qe7 37. Qf5 Qd8 38. Qd3 1/2-1/2

[Event "EU-chT (Men) 13th"]
[Site "Leon"]
[Date "2001.11.07"]
[Round "2.3"]
[White "Zelcic, Robert"]
[Black "Speelman, Jonathan S"]
[Result "0-1"]
[WhiteElo "2547"]
[BlackElo "2596"]
[Annotator "Finkel,A"]
[PlyCount "88"]
[EventDate "2001.11.06"]
[EventType "team-swiss"]
[EventRounds "9"]
[EventCountry "ESP"]
[SourceTitle "CBM 086"]
[Source "ChessBase"]
[SourceDate "2002.02.05"]
[SourceVersion "1"]
[SourceVersionDate "2002.02.05"]
[SourceQuality "1"]
[WhiteTeam "Croatia"]
[BlackTeam "England"]
[WhiteTeamCountry "CRO"]
[BlackTeamCountry "ENG"]

1. e4 e6 2. d4 d5 3. Nc3 dxe4 4. Nxe4 Nd7 5. Nf3 Ngf6 6. Nxf6+ Nxf6 7. Bd3 c5
8. dxc5 Bxc5 9. Qe2 O-O (9... Qc7 10. Bd2 (10. O-O O-O 11. Bg5 b6 12. Ne5 Bb7
13. Bxf6 gxf6 14. Bxh7+ Kxh7 15. Qh5+ {1/2-1/2 Ivanchuk,V-Karpov,A/Las Palmas 
(06) 1996}) 10... O-O 11. O-O-O b6 12. Ne5 Bb7 13. f4 Nd5 14. Kb1 f6 15. Nf3
Nxf4 16. Bxf4 Qxf4 17. Qxe6+ Kh8 18. Rhf1 {1/2-1/2 Topalov,V-Nogueiras,J/
Erevan ol (07) 1996}) 10. Bg5 h6 11. Bxf6 {I don't think that with this move
black may fight for the advantage and Speelman easily equalizes the position
after just a couple of moves.} (11. h4 Qa5+ (11... hxg5 $5 12. hxg5 g6 13.
O-O-O $2 Nd7 14. Bxg6 Be7 $17 {Bellia,F-Kacheishvili,G/Ubeda op ;EXP 51 1996})
12. Bd2 Qb6 (12... Qa4 13. Ne5 Qd4 14. c3 Qd5 15. O-O-O $1 Qxa2 16. g4 Qa1+ 17.
Kc2 Qa4+ 18. Kb1 $16 {Rublevsky,S-Zakharevich,I/St.Petersburg Petrov (01) ;CBM
52 1996}) (12... Bb4 13. O-O-O Bxd2+ 14. Nxd2 e5 15. a3 Be6 $132 {Hector,
J-Hansen,Lars Bo/Copenhagen Open Copenhagen DEN (10) 1995}) 13. O-O-O (13. O-O
e5 $5 14. Nxe5 Re8 15. Nc4 $1 $14 {Ponomariov,R-Speelman,J/Pamplona 1996/CBM 57
}) 13... Ng4 14. Rdf1 Nxf2 15. Rxf2 Bxf2 16. g4 $44 {Sermek,D-Golubovic,B/
Medulin 1997/EXT 2000}) (11. O-O-O Qc7 12. Bh4 Qf4+ 13. Kb1 Nd5 14. Be4 Nf6 15.
Bd3 Nd5 $11 {Puljek Salai,Z-Svaljek,R/Pula 1999/EXT 2000}) (11. Bd2 b6 12.
O-O-O Bb7 13. Kb1 Qd5 14. Rde1 Qh5 15. Rhg1 Ng4 16. Ref1 Bd6 17. Bc3 Rac8 18.
h3 Nh2 19. Nxh2 {1/2-1/2 Milu,R-Negulescu,A/ROM-ch 1992/EXT 97 (19)}) 11...
Qxf6 12. O-O-O Rd8 $1 {Very simple and strong move: black intends to develop
the bishop to d7.} (12... g6 13. h4 h5 14. Kb1 Kg7 15. Ng5 e5 16. Ne4 Qb6 17.
Nxc5 Qxc5 18. Rhe1 $14 {Hjartarson,J-Kacheishvili,G/Linares 1996/CBM 51}) 13.
Kb1 (13. Ne5 $2 Bd4 $17) (13. Qe4 g6 14. h4 Bd7 15. Ne5 Bc6 16. Nxc6 bxc6 17.
h5 Rab8 $13) 13... Bd7 14. Ne5 Bc6 15. f4 (15. Nxc6 bxc6 16. Rhf1 Rab8 17. b3
a5 $15) 15... Rd4 $1 16. Rhf1 $2 {This move just blunders a pawn on f4 without
any compensation. Afer correct} (16. Nxc6 bxc6 17. g3 Rb4 (17... Rb8 18. c3
Rdd8 19. Be4 Ba3 20. Rxd8+ Qxd8 21. b3 $13) 18. b3 a5 19. Qe5 $11 {white
manages to keep the position equal.}) 16... Rxf4 17. Rxf4 Qxf4 18. Rf1 Qe3 $1
$17 19. Qh5 (19. Qxe3 Bxe3 20. Rxf7 Bxg2 $17) 19... Rf8 (19... g6 $2 20. Bxg6
$18) 20. a3 Be8 {Properly defending a pawn on f7!} 21. Nc4 Qg5 22. Qe2 Bc6 23.
g3 (23. Be4 Bxe4 24. Qxe4 b6 25. Ne5 Bd6 $17) 23... Bd4 $1 {[%csl Ge5] Taking
square e5 under control.} 24. Rf4 Rd8 25. Qe1 g6 (25... b6 $5) 26. Na5 Bg2 27.
h4 $6 Qe5 $19 28. Qd2 (28. Qxe5 Bxe5 29. Rf2 Bd5 30. c4 Bxg3 $19) 28... Be3 {
[%csl Ra5]} 29. Qxg2 Bxf4 30. Nxb7 Qe1+ 31. Ka2 Rxd3 32. cxd3 Qxg3 33. Qe4 Qe3
(33... Qxh4 $5) 34. Qc4 Be5 35. Nc5 Qd4 36. Qb5 Kh7 37. Ne4 Bg7 38. Kb1 f5 39.
Nc5 Qxh4 40. Qb3 (40. Nxe6 Qe1+ $19) 40... Qh1+ 41. Ka2 Qd5 42. Nxe6 Qxb3+ 43.
Kxb3 Bf6 44. d4 h5 0-1

[Event "RUS-ch sf 58th"]
[Site "Kazan"]
[Date "2005.09.11"]
[Round "9"]
[White "Kobalia, Mihail"]
[Black "Shaposhnikov, Evgeny"]
[Result "1-0"]
[WhiteElo "2614"]
[BlackElo "2533"]
[Annotator "Finkel,A"]
[PlyCount "55"]
[EventDate "2005.09.03"]
[EventType "swiss"]
[EventRounds "9"]
[EventCountry "RUS"]
[SourceTitle "CBM 109"]
[Source "ChessBase"]
[SourceDate "2005.11.14"]
[SourceVersion "1"]
[SourceVersionDate "2005.11.14"]
[SourceQuality "1"]

1. e4 e6 2. d4 d5 3. Nd2 dxe4 4. Nxe4 Bd7 5. Nf3 Bc6 6. Bd3 Nd7 7. Ned2 Ngf6 8.
Nc4 Be7 9. O-O Bd5 10. Nce5 $5 {By playing this move white shows a lack of an
interest in the black lightsquared bishop, going for the direct kingside
attack.} (10. Ne3 Bxf3 (10... O-O 11. Nxd5 exd5 12. Re1 Re8 13. Bf4 c6 14. c3
$14 {Skrobek,R-Rustemov,A/Swidnica 1997}) 11. Qxf3 c6 12. b3 (12. c3 O-O 13.
Qh3 Re8 14. Ng4 Nf8 15. Re1 Qb6 16. Nxf6+ Bxf6 17. Bf4 Rad8 $11 {Zelcic,
R-Lputian,S/Gothenburg 2005}) 12... O-O 13. Bb2 Re8 14. Rfd1 Qc7 15. c4 Rad8
16. Bf1 Bf8 17. d5 exd5 18. cxd5 cxd5 19. Nxd5 Nxd5 20. Qxd5 Nc5 21. Qf5 $14 {
Rowson,J-McDonald,N/Torquay 2002}) 10... O-O (10... c5 $5 11. Nxf7 $5 (11. c4
Bxf3 12. Nxf3 cxd4 13. Nxd4 O-O 14. Be3 Bc5 15. Rb1 a5 16. Qe2 Qb6 17. Nc2 h6
18. h3 Rfd8 19. Rfd1 Ne5 20. Bxc5 Qxc5 21. b3 Rd7 $15 {Beshukov,S-Rustemov,A/
Krasnodar 1997}) 11... Bxf3 12. Nxd8 Bxd1 13. Nxe6 Bg4 14. Nc7+ Kf7 15. f3 Rac8
16. fxg4 Rxc7 17. g5 cxd4 18. gxf6 Bxf6 19. Bf4 $14 {Stellwagen,D-Werle,J/
Vlissingen 2004}) 11. Ng5 c5 $2 {Inviting white to start an attack. It looks
like after correct} (11... h6 {black has nothing to worry about, as after} 12.
Ngxf7 Rxf7 13. Nxf7 Kxf7 14. c4 Bc6 15. Qe2 Nf8 $132 {he seems to be doing
fine.}) 12. c4 Bc6 13. Qc2 g6 14. Nexf7 Rxf7 15. Nxe6 Qc8 ({May be it was more
accurate to play} 15... Qb6 {even though white's chances are clearly better
after} 16. d5 $5 (16. Bxg6 cxd4 17. Bxf7+ Kxf7 18. Qf5 Rg8 $132) 16... Bxd5 (
16... Nxd5 17. cxd5 Bxd5 18. Nf4 $16 {[%csl Rf7,Rg8][%cal Gd3c4]}) 17. cxd5
Nxd5 18. Qe2 $14) 16. Bxg6 $1 Rg7 (16... Nf8 17. Bxf7+ Kxf7 18. Ng5+ Kg8 19. d5
Bd7 20. Re1 $16 {[%csl Rg8][%cal Gc2c3,Gb2b3,Gc1b2]}) 17. Nxg7 Kxg7 18. Re1 Bd6
19. dxc5 (19. Bxh7 $5 Nxh7 20. d5 Bxd5 21. cxd5 Ndf6 22. h3 $16 {[%csl Gg4]})
19... Be5 (19... Nxc5 20. Bf5 Qc7 21. b4 Bxh2+ 22. Kh1 Be5 23. Rxe5 Qxe5 24.
Bb2 $16) 20. Bf5 Qc7 21. Qd2 $1 {[%cal Gd2h6] Finally bringing the queen to
attack.} Bxh2+ $6 (21... Nxc5 22. Qh6+ Kh8 $16) 22. Kh1 Kh8 23. Bxd7 Nxd7 (
23... Bxd7 24. Qd4 Rf8 25. Bg5 Kg7 26. Bxf6+ Rxf6 27. Re7+ $18) 24. b4 $18 {
[%cal Gc1b2]} Rg8 25. Bb2+ Be5 26. Rxe5 Nxe5 27. Qf4 (27. f4 $2 Rxg2 28. Qxg2
Bxg2+ 29. Kxg2 Kg8) 27... Bxg2+ (27... Rxg2 28. Bxe5+ Kg8 29. Bxc7 $18) 28. Kh2
1-0

[Event "Athens Acropolis"]
[Site "Athens"]
[Date "2004.11.16"]
[Round "1"]
[White "Kotronias, Vasilios"]
[Black "Foisor, Ovidiu Doru"]
[Result "1-0"]
[WhiteElo "2599"]
[BlackElo "2376"]
[Annotator "Finkel,A"]
[PlyCount "83"]
[EventDate "2004.11.16"]
[EventType "tourn"]
[EventRounds "9"]
[EventCountry "GRE"]
[EventCategory "10"]
[SourceTitle "CBM 105"]
[Source "ChessBase"]
[SourceDate "2005.04.11"]
[SourceVersion "1"]
[SourceVersionDate "2005.04.11"]
[SourceQuality "1"]

1. e4 e6 2. d4 d5 3. Nd2 dxe4 4. Nxe4 Bd7 5. Nf3 Bc6 6. Neg5 $5 Be7 (6... Nd7
7. Nxf7 $5 Kxf7 8. Ng5+ Ke8 9. Bc4 Bxg2 10. Rg1 Bd5 11. Nxe6 $13 {Hector,
J-Lyrberg,P/Geneve op 1995}) 7. Bd3 Nd7 (7... Nf6 $6 8. Ne5 O-O 9. c3 h6 10. h4
Nbd7 11. Qc2 Qe8 12. Bf4 Nxe5 13. Bxe5 $40 {Hector,J-Comas Fabrego,L/San
Sebastian 1991}) (7... h6 $2 8. Nxf7 Kxf7 9. Ne5+ Kf8 10. Ng6+ Ke8 11. Nxh8 Nf6
12. Bg6+ Kf8 13. Nf7 $18 {Huebner,T-Komenda,E/Germany 1994}) (7... Bxf3 $6 8.
Qxf3 $1 Bxg5 9. Bxg5 Qxg5 10. Qxb7 Qa5+ 11. c3 Qb6 12. Qxa8 c6 13. a4 Nf6 14.
a5 Qc7 15. a6 $18 {Degerman,L-Larsson,A/Sweden 2000}) (7... Bxg5 8. Nxg5 Nf6 9.
O-O h6 10. Nf3 Bxf3 11. Qxf3 c6 12. Qg3 Qxd4 13. Be3 Qg4 14. Qc7 $16 {Brendel,
O-Kelecevic,N/Crans Montana 1999}) 8. Qe2 Bxf3 {Black couldn't wait with this
move no longer.} (8... h6 9. Ne4 Ngf6 10. Nxf6+ Bxf6 (10... Nxf6 11. c3 Qd6 12.
Ne5 Nd7 13. Nxc6 Qxc6 14. O-O O-O 15. Bf4 $14 {Filipovic,B-Skembris,S/Banja
Luka 1987}) 11. c3 O-O 12. Bf4 Re8 13. O-O-O $36 {Westerinen,H-Nogueiras,J/
Jurmala 1978}) (8... Ngf6 $2 9. Nxf7 $1 Bb4+ $6 (9... Bxf3 $2 10. Qxe6 Bxg2 11.
Rg1 Bd5 12. Nxd8 Kxd8 13. Qh3 Re8 14. Be3 g6 15. O-O-O $18 {Namyslo,H-Rabl,J/
Wuerttemberg-ch 1997}) (9... Kxf7 10. Ng5+ Ke8 11. Nxe6 Qc8 12. Nxg7+ Kf8 13.
Ne6+ $16) 10. c3 Bxf3 11. Qxe6+ $1 Qe7 12. Qxe7+ Bxe7 13. Nxh8 $16 {Kotronias,
V-Anastasian,A/Yerevan 2000}) 9. Nxf3 Ngf6 10. O-O O-O 11. c3 c5 {Arising
position is very typial for this line: white's got bishop pair and some
prospects for the kingside attack, while black can comfortably put his pieces
in the center. Black's position is very solid and it's pretty hard for white
to break through.} (11... Re8 12. Rd1 Bf8 13. Ne5 c6 14. h4 $14) 12. dxc5 Nxc5
13. Bc2 Qc7 14. a4 a6 {[%csl Rb6] Weakening square b6 is of minor imprtance
since it's very difficult for white to exploite it.} (14... Rfd8 15. a5 Nd5 16.
Rd1 Rac8 17. g3 Bf6 $11) 15. a5 Rac8 16. g3 Nd5 17. Rd1 Rfd8 18. Ne5 Bf8 19. h4
h6 20. Rd4 Nd7 21. Nxd7 Rxd7 22. Qf3 Rcd8 23. Kg2 f5 {The knight is extremly
strong on d5, so there is nothing wrong with 23...f5.} (23... Bc5 24. Rc4 Qd6
$13) 24. Ba4 Rd6 25. Bb3 Qc6 (25... Qf7) 26. Bd2 Be7 $6 {This move is a sourse
of black's problems. much better was} (26... Qb5 $142 $1 {[%csl Rb2,Rb3]} 27.
c4 (27. Bxd5 Rxd5 28. c4 Qc5 29. Rxd5 exd5 30. cxd5 Qxd5 $11) 27... Ne3+ $1 28.
Qxe3 $1 (28. Bxe3 Qxb3 29. Rxd6 Rxd6 30. Qe2 Rc6 $15) 28... Qc6+ 29. Rd5 exd5
30. cxd5 Qb5 31. Qf3 $13) 27. Re1 Bf6 28. Bf4 $1 Nxf4+ $2 {Giving up a pawn
without a reason.} (28... Bxd4 29. Bxd6 Qxd6 30. cxd4 Kf7 31. Re5 Qc6 32. h5
$14) 29. Rxf4 $16 {[%csl Re6,Rf5][%cal Gb3g8]} Qxf3+ (29... Kf7 30. Rxf5 $16)
30. Kxf3 Kf8 31. Rxe6 Rd3+ (31... Rd2 32. Rxf5 Rxb2 33. Bd5 Rb5 34. c4 Rxa5 35.
g4 {[%cal Gg4g5]} b5 36. g5 bxc4 37. Ke4 hxg5 38. hxg5 Raxd5 39. Rxd5 Rxd5 40.
Kxd5 Bxg5 41. Kxc4 a5 42. Ra6 $16) 32. Re3 Rd2 33. Rxf5 Rxb2 34. Bd5 Re8 35. c4
Rxe3+ 36. fxe3 Ke7 37. g4 g6 (37... g5 $2 38. hxg5 hxg5 39. e4 Rb3+ 40. Ke2
Rb2+ 41. Kd3 Rb3+ 42. Kc2 Rb2+ 43. Kc1 $18) 38. Rf4 Bxh4 (38... Rb3 $5) 39.
Rf7+ Kd6 40. Ke4 Rg2 41. Kd3 Bd8 $4 (41... Rxg4 42. Rxb7 Bd8 43. Ra7 Kc5 44.
Rxa6 Kb4 45. Ra7 Bxa5 46. Rb7+ Ka4 47. c5 $18) 42. Bxg2 1-0